00677nam a2200241 a 4500001001300000003000900013005001700022008004100039020001000080082001700090100001800107245002800125260003800153300000900191500003500200505001200235650002300247700001800270902000800288942000700296952011700303999001500420nice12345678IN_TiNIC20260116011721.0050524s1955 lona grp 000 0 eng  ac10000a282.097bMAT aMathew, David aCatholicism in England. aLondonbEyre & Spottiswoodec1955 a229p aincludes index and biblioraphy2 aIndexes aCatholicism-Social1 aMathew, David bSRS cBK 001040708StackRoom-aHMIbHMId2007-07-19g100.00l0o282.097 MATp08348r2007-07-19v100.00w2005-05-24yBK c3516d3516